000 00376nab a2200133Ia 4500
003 ES-SlBCS
005 20210601125239.0
008 140529s1978 xxu||||| |||| 00| 0 eng d
041 _aeng
100 1 _aHeil, John
_9151485
245 0 0 _aTractatus 4.0141
_c John Heil
773 0 _tPhilosophy and Phenomenological Research
_gvol. 38, 1978, págs. 545-548
_wRev1411
942 _cAR
999 _c527185
_d527185